| 000 | 00555nam a2200217Ia 4500 | ||
|---|---|---|---|
| 003 | GCL | ||
| 008 | 140319s9999 xx 000 0 eng d | ||
| 040 |
_aGCL / _cGCL |
||
| 082 | 0 | 4 |
_a843 _bP A |
| 100 | 1 | _aLOTI, PIERRE | |
| 245 | 1 | 0 |
_aPIERRE LOTI: DE L'ACADEMIE FRANCAISE / _cLOTI, PIERRE |
| 700 | 1 | _aGAGIESE, CLAUDE | |
| 260 |
_a[S.N] : _bPRESSES DE LA CITE ، _c1989 |
||
| 300 | _a1067 P | ||
| 650 | 0 | 4 | _aLITERATURE |
| 650 | 0 | 4 | _aFICTION |
| 650 | 0 | 4 | _aFRENCH FICTION |
| 650 | 0 | 4 | _aFRENCH LITERATURE |
| 650 | 0 | 4 | _aLOTI, PIERRE |
| 942 |
_2ddc _cBK |
||
| 999 |
_c15364 _d15364 |
||